|
|
|
|
| LEADER |
00000cam a2200000 a 4500 |
| 001 |
vtls001411021 |
| 003 |
SK-MaSNL |
| 005 |
20260302035052.0 |
| 008 |
251029s2000 xo gr 00001 slo |
| 015 |
|
|
|a SNBA2001/06-02209
|
| 020 |
|
|
|a 8088978378
|
| 035 |
|
|
|a SNK000365721
|
| 035 |
|
|
|a urn:nbn:sk:snk-amjcze
|
| 035 |
|
|
|a urn:nbn:sk:snk-am003e5i
|
| 035 |
|
|
|a 6F40D384-F205-4770-8DB2-8D77CDB473C9
|
| 040 |
|
|
|a SNK
|b slo
|c SNK
|e AACR2
|
| 041 |
0 |
|
|a slo
|
| 044 |
|
|
|a xo
|c SK
|
| 080 |
|
|
|a 82.09:885.4
|2 1981
|
| 080 |
|
|
|a 885.4.09
|2 1981
|
| 100 |
1 |
|
|a Mikula, Valér,
|d 1949-
|4 aut
|9 105043
|
| 245 |
1 |
0 |
|a 5 x 5 a iné kritiky
|c Valér Mikula
|
| 246 |
3 |
|
|a Päťkrát päť a iné kritiky
|
| 260 |
|
|
|a Levice
|b L.C.A.
|c 2000
|
| 300 |
|
|
|a 135 s.
|c 20 cm
|
| 490 |
1 |
|
|a Mimo
|v zv. 8
|
| 650 |
0 |
7 |
|a literárna kritika
|2 SNK
|9 1138
|
| 655 |
|
7 |
|a umelecká literatúra
|2 SNK
|9 60405
|
| 830 |
|
0 |
|a Mimo
|a Mimo
|9 687448
|
| 852 |
|
|
|a Slovenská národná knižnica
|
| 919 |
|
|
|a 80-88978-37-8
|
| 954 |
|
|
|a beletria pôvodná (slovenská)
|2 lita
|
| 958 |
|
|
|a TL
|
| 958 |
|
|
|a LX
|
| 999 |
|
|
|c 1069107
|d 1071037
|
| 952 |
|
|
|t P60, <03>, [BOOK], {603}
|a SNK
|b SNK
|y PREZ
|7 0
|p 17A0295239
|o snkSD 71485
|i snkKSP 4987/2001
|0 0
|1 0
|4 0
|d 2001-04-09
|l 0
|r 2005-01-02 00:00:00
|w 2026-02-24
|
| 952 |
|
|
|t P60, <04>, [BOOK], {604}
|a SNK
|b SNK
|y VYP
|7 0
|p 17A0295240
|o snkSD 71485 D1
|i snkKSP 4988/2001
|0 0
|1 0
|4 0
|d 2001-04-09
|l 0
|r 2005-01-02 00:00:00
|w 2026-02-24
|